<?xml version="1.0" encoding="UTF-8"?>
<resp>
  <nextPage>https://data.bn.org.pl/api/networks/bibs.marcxml?marc=001+b00001150001551&amp;sinceId=1150001552</nextPage>
  <collection>
    <record xmlns='http://www.loc.gov/MARC21/slim'><leader>01327namZa2200385ZiZ4500</leader><controlfield tag='001'>b00001150001551</controlfield><controlfield tag='005'>20260404091816.9</controlfield><controlfield tag='008'>230609s        pl           |000 0 pol c</controlfield><controlfield tag='009'>9913261263605606</controlfield><datafield ind1=' ' ind2=' ' tag='020'><subfield code='a'>8321105564</subfield></datafield><datafield ind1=' ' ind2=' ' tag='035'><subfield code='a'>KR_1KR_1_20120317231613068666-48omnis_kr</subfield></datafield><datafield ind1=' ' ind2=' ' tag='035'><subfield code='a'>KR_1_20120317231613068666</subfield><subfield code='9'>ExL</subfield></datafield><datafield ind1=' ' ind2=' ' tag='035'><subfield code='a'>(PL)b00001150001551</subfield></datafield><datafield ind1=' ' ind2=' ' tag='040'><subfield code='a'>KR_1</subfield><subfield code='c'>KR_1</subfield></datafield><datafield ind1='1' ind2=' ' tag='041'><subfield code='a'>pol</subfield><subfield code='h'>eng</subfield></datafield><datafield ind1='1' ind2=' ' tag='100'><subfield code='a'>Lewis, Clive Staples</subfield><subfield code='d'>(1898-1963)</subfield></datafield><datafield ind1='1' ind2='0' tag='245'><subfield code='a'>Lew, Czarownica i stara szafa /</subfield><subfield code='c'>Clive Staples Lewis ; przeł. Andrzej Polkowski ; il. Pauline Baynes.</subfield></datafield><datafield ind1=' ' ind2=' ' tag='260'><subfield code='a'>Warszawa :</subfield><subfield code='b'>&quot;Pax&quot;,</subfield><subfield code='c'>1985.</subfield></datafield><datafield ind1=' ' ind2=' ' tag='300'><subfield code='a'>135 s. :</subfield><subfield code='b'>il. ;</subfield><subfield code='c'>20 cm.</subfield></datafield><datafield ind1='1' ind2=' ' tag='490'><subfield code='a'>Opowieści z Narni</subfield></datafield><datafield ind1=' ' ind2=' ' tag='500'><subfield code='a'>d</subfield></datafield><datafield ind1=' ' ind2='9' tag='650'><subfield code='a'>Literatura młodzieżowa angielska</subfield></datafield><datafield ind1='1' ind2=' ' tag='700'><subfield code='a'>Baynes, Pauline.</subfield><subfield code='e'>Il.</subfield></datafield><datafield ind1='1' ind2=' ' tag='700'><subfield code='a'>Polkowski, Andrzej.</subfield><subfield code='e'>Tł.</subfield></datafield><datafield ind1=' ' ind2=' ' tag='852'><subfield code='b'>48OMNIS_NETWORK</subfield><subfield code='8'>9913261263605606</subfield></datafield><datafield ind1=' ' ind2=' ' tag='852'><subfield code='b'>48OMNIS_UOP</subfield><subfield code='8'>990002979980108206</subfield></datafield><datafield ind1=' ' ind2=' ' tag='852'><subfield code='b'>48OMNIS_KR</subfield><subfield code='8'>991000015509708216</subfield></datafield><datafield ind1=' ' ind2=' ' tag='852'><subfield code='8'>22817638070008206</subfield><subfield code='j'>1</subfield><subfield code='b'>BWT</subfield><subfield code='p'>K010374</subfield><subfield code='c'>CZYT9</subfield></datafield><datafield ind1=' ' ind2=' ' tag='852'><subfield code='8'>225381770008216</subfield><subfield code='j'>1</subfield><subfield code='b'>KR_6_3</subfield><subfield code='p'>257000133515</subfield><subfield code='c'>POLI_KS</subfield></datafield><datafield ind1=' ' ind2=' ' tag='852'><subfield code='8'>225381770008216</subfield><subfield code='j'>1</subfield><subfield code='b'>KR_6_3</subfield><subfield code='p'>257000133508</subfield><subfield code='c'>POLI_KS</subfield></datafield><datafield ind1=' ' ind2=' ' tag='920'><subfield code='a'>83-211-0556-4</subfield></datafield></record>
  </collection>
</resp>
